00302nam a22001217a 4500082000800000100000900008245008100017250002600098260002400124300000800148942000700156999001700163 aSID aSIDA aRegienal master plan for the left book of river Indus dalta and coastal zone a diferent vol 1 to 10 aKarachibSIDAc2013 a589 cBK c57767d57764